| 000 | 00972cam a2200265 a 4500 | ||
|---|---|---|---|
| 003 | EG-GiCUC | ||
| 005 | 20250223030342.0 | ||
| 008 | 110126s1996 ua d f m 000 0 eng d | ||
| 040 |
_aEG-GiCUC _beng _cEG-GiCUC |
||
| 041 | 0 | _aeng | |
| 049 | _aDeposite | ||
| 097 | _aM.Sc | ||
| 099 | _aCai01.13.05.M.Sc.1996.Ma.S | ||
| 100 | 0 | _aManar Yehia Mahmoud Fahmy | |
| 245 | 1 | 0 |
_aSeismic performance of multi - story steel buildings / _cManar Yehia Mahmoud Fahmy ; Suervised Ahmed Atef Rashed |
| 246 | 1 | 5 | _aالاداء الزلزالى للمبانى الصلب متعددة الطوابق |
| 260 |
_aCairo : _bManar Yehia Mahmoud Fahmy , _c1996 |
||
| 300 |
_a175P. : _bcharts ; _c25cm |
||
| 502 | _aThesis (M.Sc.) - Cairo University - Faculty of Engineering - Department of Civil Engineering | ||
| 700 | 0 |
_aAhmed Atef Rashed , _eSupervisor |
|
| 856 | _uhttp://172.23.153.220/th.pdf | ||
| 905 |
_aFatma _eCataloger |
||
| 905 |
_aNazla _eRevisor |
||
| 942 |
_2ddc _cTH |
||
| 999 |
_c32895 _d32895 |
||